| 000 | 00392nam a22001337a 4500 | ||
|---|---|---|---|
| 008 | 240911b |||||||| |||| 00| 0 eng d | ||
| 040 |
_aNational Science Library _cNational Science Library |
||
| 080 |
_a582.6=30 _bJ4 |
||
| 100 | _aSchindlmayr, A | ||
| 245 | _aWelche nutzpflanze ist das? | ||
| 260 |
_aStuttgart: _bFranckh'Sche Verlagshandlung, _c1954 |
||
| 300 | _a137p. | ||
| 942 |
_2udc _cBK |
||
| 999 |
_c67073 _d67073 |
||